[Event "Titled Tuesday intern op 23rd May Early"]
[Site "Chess.com INT"]
[Date "2023.05.23"]
[Round "3"]
[White "Garv, Gaur"]
[Black "Siva, Mahadevan"]
[Result "1-0"]
[WhiteElo "2006"]
[BlackElo "2349"]
[PlyCount "155"]
[EventDate "2023.05.23"]
[EventType "swiss (blitz)"]
[EventRounds "11"]
[EventCountry "USA"]
[SourceTitle "CBM 214 Extra"]
[Source "ChessBase"]
[SourceDate "2023.07.31"]
[SourceVersion "1"]
[SourceVersionDate "2023.07.31"]
[SourceQuality "1"]

1. Nf3 Nf6 2. d4 g6 3. Bf4 Bg7 4. Nc3 d5 5. e3 0-0 6. Bd3 c5 7. dxc5 Nbd7 8. Be2 Nxc5 9. Be5 b6 10. 0-0 Bb7 11. Nd4 Ncd7 12. Bg3 e5 13. Nb3 Qe7 14. Bf3 Qe6 15. Qd2 Rfd8 16. Rad1 Nc5 17. Bh4 e4 18. Be2 Rac8 19. Nb5 a6 20. N5d4 Qe7 21. Qb4 Qc7 22. Bg3 Qe7 23. Qxb6 Na4 24. Qa5 Nxb2 25. Rb1 Nc4 26. Qa4 Nd7 27. Na5 Ndb6 28. Qb4 Qxb4 29. Rxb4 Bf8 30. Nxc4 Bxb4 31. Nxb6 Rc3 32. Rb1 a5 33. Na4 Ra3 34. Nc5 Bxc5 35. Rxb7 Rxa2 36. Be5 a4 37. g4 Bd6 38. Bxd6 Rxd6 39. Ra7 Rb6 40. Bb5 a3 41. Be8 Rf6 42. g5 Rb6 43. Bxf7+ Kf8 44. Bxd5 Ra1+ 45. Kg2 Rbb1 46. Kg3 Rb8 47. Bb3 Ke8 48. Kf4 Rf1 49. Ke5 Rxf2 50. Rxa3 Kd7 51. Ra7+ Kc8 52. Be6+ Kd8 53. Nc6+ Ke8 54. Nxb8 Rxc2 55. Nd7 Rxh2 56. Nf6+ Kd8 57. Rd7+ Kc8 58. Rd2+ Kc7 59. Rxh2 Kc6 60. Rxh7 Kc5 61. Rc7+ Kb4 62. Rc4+ Kb5 63. Nxe4 Kb6 64. Nd6 Ka5 65. Bd5 Kb6 66. Rc6+ Ka5 67. Nc4+ Kb4 68. Rb6+ Kc3 69. Kd6 Kd3 70. e4 Kd4 71. e5 Kd3 72. e6 Kd4 73. e7 Kc3 74. e8Q Kd4 75. Qe5+ Kd3 76. Qe3+ Kc2 77. Rb2+ Kd1 78. Qd2# 1-0

[Event "Titled Tuesday intern op 23rd May Early"]
[Site "Chess.com INT"]
[Date "2023.05.23"]
[Round "10"]
[White "Siva, Mahadevan"]
[Black "Degenbaev, Aziz"]
[Result "1-0"]
[WhiteElo "2349"]
[BlackElo "2203"]
[PlyCount "171"]
[EventDate "2023.05.23"]
[EventType "swiss (blitz)"]
[EventRounds "11"]
[EventCountry "USA"]
[SourceTitle "CBM 214 Extra"]
[Source "ChessBase"]
[SourceDate "2023.07.31"]
[SourceVersion "1"]
[SourceVersionDate "2023.07.31"]
[SourceQuality "1"]

1. c4 Nf6 2. Nc3 g6 3. g3 Bg7 4. Bg2 0-0 5. Nf3 c5 6. d4 d6 7. 0-0 Nc6 8. dxc5 dxc5 9. Be3 Be6 10. Qa4 Nd4 11. Rfd1 Bd7 12. Qa3 Nc2 13. Qxc5 Nxa1 14. Rxa1 b6 15. Qb4 Rc8 16. Rd1 Qc7 17. b3 e5 18. Bg5 Bc6 19. Nb5 Bxb5 20. Qxb5 e4 21. Nd4 Rfd8 22. e3 Qc5 23. Re1 a6 24. Qxc5 bxc5 25. Ne2 Rd2 26. Nc3 Rc2 27. Bxf6 Bxf6 28. Nxe4 Be7 29. Rd1 f5 30. Nd2 Rxa2 31. Bd5+ Kg7 32. Nf3 Bf6 33. Be6 Rd8 34. Bd5 Rb2 35. Ra1 Rd6 36. Ra3 Bc3 37. Ng5 Bb4 38. Ra1 h6 39. Ne6+ Kf6 40. Nc7 Rxb3 41. Ne8+ Ke7 42. Nxd6 Kxd6 43. Rxa6+ Ke7 44. Rxg6 Rb1+ 45. Kg2 Rb2 46. Rxh6 Be1 47. Re6+ Kd7 48. Kf1 Bxf2 49. Re5 Kd6 50. Re8 Kd7 51. Bf7 Rc2 52. Bg6 Rb2 53. Re5 Kd6 54. Rd5+ Kc6 55. Rd3 f4 56. gxf4 Bh4 57. Be4+ Kc7 58. Rd5 Rxh2 59. Rxc5+ Kd6 60. Rd5+ Ke6 61. Re5+ Kf6 62. Rh5 Rf2+ 63. Kg1 Re2 64. Rxh4 Rxe3 65. Bd5 Kf5 66. Kf2 Rc3 67. Ke2 Rc2+ 68. Kd3 Rc1 69. Kd4 Rd1+ 70. Kc5 Rc1 71. Kd6 Rd1 72. c5 Rc1 73. c6 Rd1 74. c7 Rc1 75. c8Q+ Rxc8 76. Be6+ Ke4 77. Bxc8 Kf3 78. f5 Kg3 79. Re4 Kf3 80. Ke5 Kg3 81. Rf4 Kg2 82. f6 Kh1 83. Rg4 Kh2 84. f7 Kh3 85. f8Q Kh2 86. Qh8# 1-0

[Event "Titled Tuesday intern op 23rd May Early"]
[Site "Chess.com INT"]
[Date "2023.05.23"]
[Round "4"]
[White "Siva, Mahadevan"]
[Black "Goncharov, Vladimir"]
[Result "0-1"]
[WhiteElo "2349"]
[BlackElo "2077"]
[PlyCount "58"]
[EventDate "2023.05.23"]
[EventType "swiss (blitz)"]
[EventRounds "11"]
[EventCountry "USA"]
[SourceTitle "CBM 214 Extra"]
[Source "ChessBase"]
[SourceDate "2023.07.31"]
[SourceVersion "1"]
[SourceVersionDate "2023.07.31"]
[SourceQuality "1"]

1. e4 e6 2. Nc3 d5 3. d4 Bb4 4. e5 c5 5. a3 Bxc3+ 6. bxc3 Ne7 7. a4 Qc7 8. Nf3 0-0 9. h4 b6 10. h5 h6 11. Bd3 Ba6 12. 0-0 Bxd3 13. Qxd3 Nbc6 14. Ba3 Na5 15. Nd2 Rac8 16. Rae1 Rfd8 17. Qh3 Nc4 18. Nxc4 dxc4 19. dxc5 bxc5 20. Re4 Rd5 21. Rfe1 Nc6 22. Qg3 Ne7 23. Bc1 Kh7 24. Rxc4 Nf5 25. Qf4 Rcd8 26. g4 Rd1 27. Rce4 Nh4 28. Qg3 Qc6 29. Kf1 Qxe4 0-1

[Event "Titled Tuesday intern op 02nd May Early"]
[Site "Chess.com INT"]
[Date "2023.05.02"]
[Round "3"]
[White "Karamsetty, Jeevan"]
[Black "Siva, Mahadevan"]
[Result "1-0"]
[WhiteElo "2169"]
[BlackElo "2349"]
[PlyCount "125"]
[EventDate "2023.05.02"]
[EventType "swiss (blitz)"]
[EventRounds "11"]
[EventCountry "USA"]
[SourceTitle "EXT 2024"]
[Source "ChessBase"]
[SourceDate "2023.10.10"]
[SourceVersion "1"]
[SourceVersionDate "2023.10.10"]
[SourceQuality "1"]

1. e4 c5 2. Nc3 Nc6 3. Bb5 Nd4 4. Bc4 e6 5. Nge2 Nf6 6. 0-0 d5 7. exd5 exd5 8. Nxd5 Nxd5 9. Nxd4 Nb6 10. Bb5+ Bd7 11. Re1+ Be7 12. Nf5 Bxb5 13. Nxe7 Kf8 14. d3 Qd7 15. c4 Bc6 16. Nxc6 Qxc6 17. Be3 Rd8 18. Qh5 Nd7 19. Bg5 f6 20. Bf4 g6 21. Qe2 Kg8 22. Qe7 Rf8 23. Re6 Qc8 24. Bh6 Rf7 25. Qd6 Nf8 26. Rxf6 Qe8 27. Rxf7 Kxf7 28. Qxc5 Ne6 29. Qxa7 Qd7 30. Qe3 Rd8 31. Re1 Nd4 32. Qf4+ Kg8 33. Qf6 Nf5 34. Bg5 Re8 35. Rxe8+ Qxe8 36. g3 Qe1+ 37. Kg2 Qe2 38. Qd8+ Kf7 39. Qd7+ Kf8 40. Qd8+ Kf7 41. Qd5+ Kf8 42. h4 h6 43. Bf4 Qxb2 44. Bd6+ Ke8 45. Qe6+ Kd8 46. Qxg6 Ne3+ 47. Kf3 Nd1 48. Bc5 Qe5 49. Qd6+ Qxd6 50. Bxd6 Nc3 51. a3 Kd7 52. Bb4 Na4 53. Kg4 Nb2 54. Kh5 Nxd3 55. f4 Nb2 56. c5 Ke6 57. Kxh6 Kf5 58. h5 Nc4 59. Kg7 b6 60. cxb6 Nxb6 61. h6 Nd5 62. h7 Nf6 63. h8Q 1-0

[Event "Titled Tuesday intern op 02nd May Early"]
[Site "Chess.com INT"]
[Date "2023.05.02"]
[Round "2"]
[White "Siva, Mahadevan"]
[Black "Sousa, Andre Ventura"]
[Result "1-0"]
[WhiteElo "2349"]
[BlackElo "2472"]
[PlyCount "83"]
[EventDate "2023.05.02"]
[EventType "swiss (blitz)"]
[EventRounds "11"]
[EventCountry "USA"]
[SourceTitle "EXT 2024"]
[Source "ChessBase"]
[SourceDate "2023.10.10"]
[SourceVersion "1"]
[SourceVersionDate "2023.10.10"]
[SourceQuality "1"]

1. e4 e5 2. Nf3 Nc6 3. Bb5 Nf6 4. 0-0 Nxe4 5. Re1 Nd6 6. Nxe5 Be7 7. Bf1 Nxe5 8. Rxe5 0-0 9. d4 Bf6 10. Bd3 Bxe5 11. dxe5 Ne8 12. Nc3 d6 13. Qh5 f5 14. Bg5 g6 15. Qh4 Qd7 16. e6 Qg7 17. e7 Rf7 18. Bc4 c6 19. Bxf7+ Qxf7 20. Re1 Bd7 21. Qd4 d5 22. Qe5 Qg7 23. Qf4 Rc8 24. h4 d4 25. Nb1 Nc7 26. Qd6 Be8 27. Bf6 Qf7 28. Bxd4 Nb5 29. Qe5 Nxd4 30. Qxd4 Rc7 31. Qe5 Rd7 32. Nc3 h6 33. a4 Kh7 34. a5 b6 35. a6 Rd2 36. Qb8 Rd7 37. Qd8 f4 38. Ne4 f3 39. Qxe8 Qxe8 40. Nf6+ Kg7 41. Nxe8+ Kf7 42. Nd6+ 1-0

[Event "Titled Tuesday intern op 11th Apr Early"]
[Site "Chess.com INT"]
[Date "2023.04.11"]
[Round "1"]
[White "Baches Garcia, Guillermo"]
[Black "Siva, Mahadevan"]
[Result "0-1"]
[WhiteElo "2334"]
[BlackElo "2349"]
[PlyCount "62"]
[EventDate "2023.04.11"]
[EventType "swiss (blitz)"]
[EventRounds "11"]
[EventCountry "USA"]
[SourceTitle "CBM 213 Extra"]
[Source "ChessBase"]
[SourceDate "2023.05.31"]
[SourceVersion "1"]
[SourceVersionDate "2023.05.31"]
[SourceQuality "1"]

1. e4 c5 2. Nf3 Nc6 3. d4 cxd4 4. Nxd4 Nf6 5. Nc3 d6 6. Nd5 Nxd5 7. exd5 Qa5+ 8. Bd2 Qxd5 9. Nb5 Qe6+ 10. Be2 Qd7 11. c4 a6 12. Nc3 e6 13. Na4 Qc7 14. 0-0 Be7 15. Be3 0-0 16. Bb6 Qb8 17. f4 Bd8 18. Kh1 Bc7 19. Bd3 Bd7 20. Rf3 f5 21. Rh3 Ne7 22. Bd4 b5 23. Qh5 h6 24. Bxg7 Kxg7 25. Qxh6+ Kf7 26. Qh5+ Ng6 27. Qh7+ Kf6 28. Qxd7 Rf7 29. Qc6 bxa4 30. Re1 Nxf4 31. Rh6+ Kg7 0-1

[Event "Titled Tuesday intern op 11th Apr Early"]
[Site "Chess.com INT"]
[Date "2023.04.11"]
[Round "10"]
[White "Siva, Mahadevan"]
[Black "Grigoriants, Sergey"]
[Result "1-0"]
[WhiteElo "2349"]
[BlackElo "2557"]
[PlyCount "85"]
[EventDate "2023.04.11"]
[EventType "swiss (blitz)"]
[EventRounds "11"]
[EventCountry "USA"]
[SourceTitle "CBM 213 Extra"]
[Source "ChessBase"]
[SourceDate "2023.05.31"]
[SourceVersion "1"]
[SourceVersionDate "2023.05.31"]
[SourceQuality "1"]

1. e4 c6 2. d4 d5 3. e5 Bf5 4. c4 e6 5. Nc3 Ne7 6. Nge2 dxc4 7. Ng3 b5 8. a4 b4 9. Nce4 Bxe4 10. Nxe4 Nf5 11. Bxc4 Qxd4 12. Qxd4 Nxd4 13. 0-0 c5 14. Be3 Nbc6 15. Bb5 a6 16. Bxd4 axb5 17. Bxc5 bxa4 18. Nd6+ Bxd6 19. Bxd6 Ra6 20. Rfc1 Kd7 21. Rc4 Rc8 22. Rd1 Ke8 23. Bxb4 Ne7 24. Rxc8+ Nxc8 25. f4 Rb6 26. Ba3 Ne7 27. Rd4 Ra6 28. Rb4 Nd5 29. Rb8+ Kd7 30. Rf8 f5 31. g3 Kc6 32. Rf7 h5 33. Rxg7 h4 34. Rg6 Kb5 35. Bd6 hxg3 36. hxg3 Ne3 37. Rxe6 Nc4 38. Rf6 Nxb2 39. Ba3 Nc4 40. Rxa6 Kxa6 41. e6 Nxa3 42. e7 Nc2 43. e8Q 1-0

[Event "Titled Tuesday intern op 11th Oct Early"]
[Site "Chess.com INT"]
[Date "2022.10.11"]
[Round "6"]
[White "Orlov, Georgi"]
[Black "Siva, Mahadevan"]
[Result "0-1"]
[WhiteElo "2461"]
[BlackElo "2349"]
[PlyCount "128"]
[EventDate "2022.10.11"]
[EventType "swiss (blitz)"]
[EventRounds "11"]
[EventCountry "USA"]
[SourceTitle "EXT 2024"]
[Source "ChessBase"]
[SourceDate "2023.10.10"]
[SourceVersion "1"]
[SourceVersionDate "2023.10.10"]
[SourceQuality "1"]

1. d4 Nf6 2. Nf3 g6 3. c4 Bg7 4. Nc3 0-0 5. e4 d6 6. Be2 Nbd7 7. 0-0 e5 8. Be3 c6 9. Qc2 h6 10. Rad1 Ng4 11. Bc1 exd4 12. Nxd4 Nc5 13. b4 Ne6 14. Nb3 Qh4 15. h3 Nf6 16. Rxd6 Nf4 17. Bxf4 Qxf4 18. c5 Nh7 19. Qc1 Qe5 20. Rd3 g5 21. Nd4 Nf6 22. Bf3 Bd7 23. Rfd1 Rfe8 24. Nde2 Be6 25. Qc2 Bc4 26. Rd4 Qe6 27. Ng3 Nh7 28. Bg4 f5 29. Bxf5 Qf7 30. e5 Nf8 31. Nce4 Bd5 32. Nd6 Qe7 33. Nxe8 Rxe8 34. Be4 Be6 35. Nf5 Bxf5 36. Bxf5 Qxe5 37. Rd6 Qf4 38. g3 Qe5 39. Bd3 Kh8 40. Bc4 a5 41. a3 axb4 42. axb4 Qe7 43. Qd2 Qe4 44. Qd3 Qe5 45. Kg2 Bf6 46. Qf3 Kg7 47. h4 gxh4 48. gxh4 Ng6 49. Kh1 Nxh4 50. Rg1+ Bg5 51. Qg4 Qe4+ 52. Qxe4 Rxe4 53. Bd3 Rxb4 54. Rg3 Rf4 55. Kg1 Kf8 56. Kf1 Nf3 57. Ke2 Ne5 58. Kf1 Ke7 59. Be2 b6 60. Re3 bxc5 61. Rxe5+ Kxd6 62. Re8 Rd4 63. Ke1 c4 64. Rd8+ Bxd8 0-1

[Event "Titled Tuesday intern op 11th Oct Early"]
[Site "Chess.com INT"]
[Date "2022.10.11"]
[Round "9"]
[White "Vachylya, Andriy"]
[Black "Siva, Mahadevan"]
[Result "1-0"]
[WhiteElo "2274"]
[BlackElo "2349"]
[PlyCount "59"]
[EventDate "2022.10.11"]
[EventType "swiss (blitz)"]
[EventRounds "11"]
[EventCountry "USA"]
[SourceTitle "EXT 2024"]
[Source "ChessBase"]
[SourceDate "2023.10.10"]
[SourceVersion "1"]
[SourceVersionDate "2023.10.10"]
[SourceQuality "1"]

1. e4 c5 2. Nf3 Nc6 3. Bb5 Na5 4. d4 a6 5. Be2 cxd4 6. Nxd4 e6 7. 0-0 b5 8. Bf3 Bb7 9. e5 Qc7 10. Re1 Ne7 11. Nc3 Ng6 12. Bxb7 Qxb7 13. Nf3 Rc8 14. Ne4 Nc4 15. b3 Ncxe5 16. Nxe5 Nxe5 17. Bb2 Ng6 18. Bxg7 Qc6 19. Bxh8 Nxh8 20. Qd4 Ng6 21. Rad1 d5 22. Nf6+ Kd8 23. Nxh7 Be7 24. Qg7 Nf4 25. Qxf7 Qd6 26. g3 Nh3+ 27. Kg2 Nxf2 28. Rxe6 Qd7 29. Rxe7 Qh3+ 30. Kg1 1-0

[Event "Titled Tuesday intern op 09th Aug Early"]
[Site "Chess.com INT"]
[Date "2022.08.09"]
[Round "2"]
[White "Chyzy, Jakub"]
[Black "Siva, Mahadevan"]
[Result "0-1"]
[WhiteElo "2232"]
[BlackElo "2349"]
[PlyCount "104"]
[EventDate "2022.08.09"]
[EventType "swiss (blitz)"]
[EventRounds "11"]
[EventCountry "USA"]
[SourceTitle "EXT 2023"]
[Source "ChessBase"]
[SourceDate "2022.10.05"]
[SourceVersion "1"]
[SourceVersionDate "2022.10.05"]
[SourceQuality "1"]

1. b3 e5 2. Bb2 Nc6 3. e3 d5 4. Bb5 Bd6 5. Nf3 Qe7 6. d4 e4 7. Ne5 a6 8. Bxc6+ bxc6 9. Nxc6 Qg5 10. g3 Bg4 11. Qd2 Bf3 12. Rf1 Nf6 13. c4 dxc4 14. bxc4 a5 15. c5 Ra6 16. Nxa5 Be7 17. Nc4 0-0 18. Ne5 Bh5 19. Nc3 Rb8 20. f4 exf3 21. Nxf3 Qf5 22. Ne5 Qe6 23. Rf4 Bxc5 24. dxc5 Qxe5 25. Nd1 Qe7 26. Bxf6 Rxf6 27. Rxf6 Qxf6 28. Qd4 Qf3 29. Qd2 h6 30. Qf2 Qh1+ 31. Kd2 Rd8+ 32. Kc3 Rxd1 33. Rxd1 Qxd1 34. Kb4 Qb1+ 35. Ka3 Bg6 36. Qd2 Kh7 37. Qd4 c6 38. Qd6 Be4 39. Qd4 f5 40. Qd6 Qc1+ 41. Kb4 Qxe3 42. Ka5 Qa3+ 43. Kb6 Qxa2 44. Kc7 Qxh2 45. Kd8 Qh5 46. Ke7 Qg5+ 47. Kf8 Qf6+ 48. Qxf6 gxf6 49. Kf7 h5 50. Kxf6 Kh6 51. Ke5 Kg5 52. Kd6 f4 0-1

[Event "Titled Tuesday intern op 09th Aug Early"]
[Site "Chess.com INT"]
[Date "2022.08.09"]
[Round "10"]
[White "Eynullayev, Altay Elshan"]
[Black "Siva, Mahadevan"]
[Result "1-0"]
[WhiteElo "2223"]
[BlackElo "2349"]
[PlyCount "77"]
[EventDate "2022.08.09"]
[EventType "swiss (blitz)"]
[EventRounds "11"]
[EventCountry "USA"]
[SourceTitle "EXT 2023"]
[Source "ChessBase"]
[SourceDate "2022.10.05"]
[SourceVersion "1"]
[SourceVersionDate "2022.10.05"]
[SourceQuality "1"]

1. e4 c5 2. Nf3 Nc6 3. Bb5 Na5 4. Be2 a6 5. 0-0 b5 6. a4 b4 7. d4 cxd4 8. Nxd4 e6 9. c3 Bb7 10. cxb4 Bxb4 11. Nc3 Nf6 12. f3 0-0 13. Be3 Rc8 14. Rc1 Nc4 15. Bxc4 Rxc4 16. Qd3 Qc8 17. e5 Bxc3 18. exf6 Bxd4 19. Rxc4 Bxe3+ 20. Kh1 Qxc4 21. Qxc4 gxf6 22. Qd3 Bf4 23. Qxd7 Bd5 24. b4 Rb8 25. b5 axb5 26. axb5 Rb7 27. Qe8+ Kg7 28. Rb1 Be3 29. h4 Ba2 30. Rb2 Bd5 31. Rb1 Ba2 32. Rb4 h5 33. Qd8 Bd5 34. b6 Bc5 35. Rb5 Bf2 36. Rxd5 exd5 37. Qxd5 Rxb6 38. Qxh5 Bg3 39. Qg4+ 1-0

[Event "Titled Tuesday intern op 09th Aug Early"]
[Site "Chess.com INT"]
[Date "2022.08.09"]
[Round "8"]
[White "Pulpan, Jakub"]
[Black "Siva, Mahadevan"]
[Result "1-0"]
[WhiteElo "2422"]
[BlackElo "2349"]
[PlyCount "131"]
[EventDate "2022.08.09"]
[EventType "swiss (blitz)"]
[EventRounds "11"]
[EventCountry "USA"]
[SourceTitle "EXT 2023"]
[Source "ChessBase"]
[SourceDate "2022.10.05"]
[SourceVersion "1"]
[SourceVersionDate "2022.10.05"]
[SourceQuality "1"]

1. Nf3 Nf6 2. b3 g6 3. Bb2 Bg7 4. g3 0-0 5. Bg2 d6 6. d4 e5 7. dxe5 Nfd7 8. 0-0 Nc6 9. Nbd2 dxe5 10. e4 b6 11. Re1 a5 12. a4 Ba6 13. Bf1 Qc8 14. Bb5 Nb4 15. Ba3 Rd8 16. Bxb4 axb4 17. Bxa6 Qxa6 18. Nc4 Nc5 19. Qe2 Ne6 20. Rad1 f6 21. Rd5 Rxd5 22. exd5 Nc5 23. Qd2 Nxa4 24. d6 c6 25. Ra1 b5 26. Nb2 e4 27. Nd4 f5 28. d7 Qb6 29. Nxc6 Bxb2 30. Rd1 Nc3 31. Qd6 Nxd1 32. Ne7+ Kf7 33. Qxb6 Kxe7 34. Qc5+ Kxd7 35. Kg2 Nc3 36. Qxb4 Ra6 37. Qd4+ Rd6 38. Qg7+ Kc6 39. Qxh7 Nd1 40. Qf7 e3 41. fxe3 Nxe3+ 42. Kf3 Nxc2 43. Qe8+ Kb6 44. Qb8+ Kc5 45. Qc7+ Rc6 46. Qe7+ Kd5 47. Qd7+ Rd6 48. Qxb5+ Ke6 49. Qc4+ Kf6 50. Qxc2 Be5 51. Qc5 g5 52. b4 g4+ 53. Ke2 Re6 54. Kd3 Rd6+ 55. Kc4 Rd2 56. Qf8+ Kg6 57. b5 Rc2+ 58. Kd5 Bf6 59. Qg8+ Kh6 60. Ke6 Ba1 61. Qf8+ Bg7 62. Qxf5 Rxh2 63. b6 Re2+ 64. Kd7 Rd2+ 65. Kc8 Rc2+ 66. Qxc2 1-0

[Event "Titled Tuesday intern op 09th Aug Early"]
[Site "Chess.com INT"]
[Date "2022.08.09"]
[Round "4"]
[White "Shohat, Yotam"]
[Black "Siva, Mahadevan"]
[Result "0-1"]
[WhiteElo "2307"]
[BlackElo "2349"]
[PlyCount "52"]
[EventDate "2022.08.09"]
[EventType "swiss (blitz)"]
[EventRounds "11"]
[EventCountry "USA"]
[SourceTitle "EXT 2023"]
[Source "ChessBase"]
[SourceDate "2022.10.05"]
[SourceVersion "1"]
[SourceVersionDate "2022.10.05"]
[SourceQuality "1"]

1. e4 c5 2. Nf3 Nc6 3. Bb5 Na5 4. d4 a6 5. Bd3 cxd4 6. Nxd4 e6 7. 0-0 Nf6 8. e5 Nd5 9. Qg4 d6 10. exd6 Qxd6 11. Nf3 Bd7 12. Nc3 Nxc3 13. bxc3 h5 14. Qg5 Qc5 15. Qg3 h4 16. Nxh4 Bd6 17. Qg4 0-0-0 18. Nf3 Bc6 19. Be3 Bxf3 20. gxf3 Qxc3 21. Bd4 Qc7 22. h3 f5 23. Qg6 Rh6 24. Qg5 Bf4 25. Qxg7 Qxg7+ 26. Bxg7 Rg8 0-1

[Event "Titled Tuesday intern op 05th Apr Early"]
[Site "Chess.com INT"]
[Date "2022.04.05"]
[Round "6"]
[White "Jaferian, Koosha"]
[Black "Siva, Mahadevan"]
[Result "0-1"]
[WhiteElo "2218"]
[BlackElo "2349"]
[PlyCount "30"]
[EventDate "2022.04.05"]
[EventType "swiss (blitz)"]
[EventRounds "11"]
[EventCountry "USA"]
[SourceTitle "CBM 207 Extra"]
[Source "ChessBase"]
[SourceDate "2022.05.31"]
[SourceVersion "1"]
[SourceVersionDate "2022.05.31"]
[SourceQuality "1"]

1. Nf3 Nf6 2. b3 g6 3. Bb2 Bg7 4. g3 0-0 5. Bg2 d6 6. d4 e5 7. dxe5 Nfd7 8. 0-0 Nc6 9. c4 dxe5 10. Qc1 e4 11. Nfd2 f5 12. e3 Nde5 13. Qc2 Nb4 14. Qd1 Nf3+ 15. Nxf3 Bxb2 0-1

[Event "Titled Tuesday intern op 05th Apr Early"]
[Site "Chess.com INT"]
[Date "2022.04.05"]
[Round "11"]
[White "Siva, Mahadevan"]
[Black "Tanenbaum, Zachary Chen"]
[Result "0-1"]
[WhiteElo "2349"]
[BlackElo "2148"]
[PlyCount "64"]
[EventDate "2022.04.05"]
[EventType "swiss (blitz)"]
[EventRounds "11"]
[EventCountry "USA"]
[SourceTitle "CBM 207 Extra"]
[Source "ChessBase"]
[SourceDate "2022.05.31"]
[SourceVersion "1"]
[SourceVersionDate "2022.05.31"]
[SourceQuality "1"]

1. e4 e5 2. Nf3 Nc6 3. Bb5 a6 4. Ba4 d6 5. c3 Nf6 6. d4 b5 7. Bb3 Be7 8. 0-0 0-0 9. h3 Bb7 10. Nbd2 h6 11. Re1 Re8 12. Nf1 exd4 13. cxd4 Nb4 14. Ng3 a5 15. a4 Bf8 16. d5 c6 17. dxc6 Bxc6 18. Nd4 Bxe4 19. Nxe4 Rxe4 20. Rxe4 Nxe4 21. Nxb5 Qf6 22. Be3 Qxb2 23. Bd4 Qd2 24. Bxf7+ Kxf7 25. Qf3+ Kg8 26. Qxe4 d5 27. Qe6+ Kh7 28. Re1 Ra6 29. Qf5+ Rg6 30. Qxf8 Qxe1+ 31. Kh2 Qe4 32. f3 Qc2 0-1

[Event "Titled Tuesday intern op 22 Mar Early"]
[Site "Chess.com INT"]
[Date "2022.03.22"]
[Round "6"]
[White "Mkrtchyan, Mariam"]
[Black "Siva, Mahadevan"]
[Result "1/2-1/2"]
[WhiteElo "2300"]
[BlackElo "2349"]
[PlyCount "129"]
[EventDate "2022.03.22"]
[EventType "swiss (blitz)"]
[EventRounds "11"]
[EventCountry "USA"]
[SourceTitle "CBM 207 Extra"]
[Source "ChessBase"]
[SourceDate "2022.05.31"]
[SourceVersion "1"]
[SourceVersionDate "2022.05.31"]
[SourceQuality "1"]

1. Nf3 Nf6 2. g3 g6 3. Bg2 Bg7 4. 0-0 0-0 5. d4 d6 6. c4 Nbd7 7. Nc3 e5 8. e4 c6 9. h3 Qa5 10. Be3 exd4 11. Nxd4 Nb6 12. Nb3 Qh5 13. g4 Bxg4 14. hxg4 Nxg4 15. Bf4 Be5 16. Qf3 Nxc4 17. Ne2 f5 18. Bh3 Bxf4 19. Nxf4 Qh6 20. Ne6 Nce5 21. Qg3 f4 22. Qg2 f3 23. Qg3 Nf6 24. Nxf8 Rxf8 25. Nd4 Nh5 26. Qh2 Qd2 27. Rad1 Qxb2 28. Ne6 Rf6 29. Rxd6 Nf7 30. Rd7 Qe5 31. Qxe5 Nxe5 32. Rd8+ Kf7 33. Ng5+ Ke7 34. Rb8 b5 35. Rb7+ Kd6 36. Rd1+ Kc5 37. Ne6+ Kb4 38. Rxa7 h6 39. Rb1+ Kc3 40. a4 bxa4 41. Rxa4 g5 42. Bf5 Nf4 43. Ra3+ Kc2 44. Rba1 Nxe6 45. Bxe6 Rxe6 46. R1a2+ Kb1 47. Rd2 Nc4 48. Rd1+ Kc2 49. Rad3 Rxe4 50. Kh2 Re2 51. Kg3 Ne5 52. Rd6 h5 53. Rf1 h4+ 54. Kh3 Rd2 55. Re6 Nd3 56. Kg4 c5 57. Kxg5 h3 58. Kh4 Nxf2 59. Kg3 Nd3 60. Kxh3 f2 61. Rc6 Rd1 62. Kg2 Rxf1 63. Kxf1 Kc3 64. Rxc5+ Nxc5 65. Kxf2 1/2-1/2

[Event "Titled Tuesday intern op 22 Mar Early"]
[Site "Chess.com INT"]
[Date "2022.03.22"]
[Round "5"]
[White "Orlov, Georgi"]
[Black "Siva, Mahadevan"]
[Result "0-1"]
[WhiteElo "2460"]
[BlackElo "2349"]
[PlyCount "66"]
[EventDate "2022.03.22"]
[EventType "swiss (blitz)"]
[EventRounds "11"]
[EventCountry "USA"]
[SourceTitle "CBM 207 Extra"]
[Source "ChessBase"]
[SourceDate "2022.05.31"]
[SourceVersion "1"]
[SourceVersionDate "2022.05.31"]
[SourceQuality "1"]

1. d4 Nf6 2. Nf3 g6 3. c4 Bg7 4. Nc3 0-0 5. e4 d6 6. Be2 Nbd7 7. 0-0 e5 8. Re1 c6 9. Bf1 Qe7 10. d5 c5 11. a3 Ne8 12. g3 h6 13. Bg2 Ndf6 14. b4 b6 15. Bd2 Nh7 16. Rb1 Ng5 17. Nh4 Nf6 18. bxc5 bxc5 19. Qa4 Nh3+ 20. Kf1 Nh7 21. Qc6 Bd7 22. Rb7 Qf6 23. Bxh3 Bxh3+ 24. Kg1 Ng5 25. Re3 Bg4 26. Kg2 Bh3+ 27. Kg1 Bc8 28. Rb1 Nh3+ 29. Kh1 Nxf2+ 30. Kg1 Nh3+ 31. Kh1 Bg4 32. Rbe1 Rab8 33. Bc1 h5 0-1

[Event "Titled Tuesday intern op 08th Mar Early"]
[Site "Chess.com INT"]
[Date "2022.03.08"]
[Round "11"]
[White "Siva, Mahadevan"]
[Black "Bashirli, Nail Qoshqar"]
[Result "1-0"]
[WhiteElo "2349"]
[BlackElo "2365"]
[PlyCount "85"]
[EventDate "2022.03.08"]
[EventType "swiss (blitz)"]
[EventRounds "11"]
[EventCountry "USA"]
[SourceTitle "CBM 207 Extra"]
[Source "ChessBase"]
[SourceDate "2022.05.31"]
[SourceVersion "1"]
[SourceVersionDate "2022.05.31"]
[SourceQuality "1"]

1. e4 c5 2. Nf3 d6 3. d4 cxd4 4. Nxd4 Nf6 5. Nc3 Nc6 6. Nd5 Bd7 7. Nxf6+ gxf6 8. Be3 Rc8 9. c3 Qa5 10. Bd3 Rg8 11. g3 Ne5 12. Be2 e6 13. 0-0 Nc4 14. Bxc4 Rxc4 15. Kh1 h5 16. f3 Be7 17. Qe2 Rc8 18. Rfd1 a6 19. Rd2 Qe5 20. Rad1 Ba4 21. Re1 Rg6 22. Nc2 Bb5 23. Qf2 Bc6 24. Nb4 Bd7 25. Nd5 exd5 26. Bf4 Qe6 27. exd5 Qh3 28. Bxd6 Kf8 29. Rxe7 Kg8 30. Re4 Qf5 31. Rf4 Qb1+ 32. Qg1 Qxa2 33. Rfd4 Re8 34. Ba3 Qb3 35. Rb4 Qa2 36. Rxb7 Bh3 37. d6 h4 38. Re7 Rd8 39. d7 hxg3 40. hxg3 Rh6 41. Re8+ Kh7 42. Rxd8 Qd5 43. Rxd5 1-0

[Event "Titled Tuesday intern op 08th Mar Early"]
[Site "Chess.com INT"]
[Date "2022.03.08"]
[Round "5"]
[White "Siva, Mahadevan"]
[Black "Fiorito, Fabian"]
[Result "1-0"]
[WhiteElo "2349"]
[BlackElo "2357"]
[PlyCount "103"]
[EventDate "2022.03.08"]
[EventType "swiss (blitz)"]
[EventRounds "11"]
[EventCountry "USA"]
[SourceTitle "CBM 207 Extra"]
[Source "ChessBase"]
[SourceDate "2022.05.31"]
[SourceVersion "1"]
[SourceVersionDate "2022.05.31"]
[SourceQuality "1"]

1. e4 c6 2. d4 d5 3. e5 Bf5 4. c4 dxc4 5. Nc3 e6 6. Bxc4 Nd7 7. Nge2 Nb6 8. Bb3 Ne7 9. Ng3 Bg6 10. 0-0 Nf5 11. Nxf5 Bxf5 12. Be3 Be7 13. Rc1 0-0 14. g4 Bg6 15. f4 h6 16. f5 exf5 17. gxf5 Bg5 18. Qd2 Bh7 19. Kh1 Kh8 20. Rf3 c5 21. d5 c4 22. Bc2 Bxe3 23. Qxe3 Nxd5 24. Qe4 Nxc3 25. bxc3 Re8 26. Rg1 Qc7 27. Rxg7 Rxe5 28. Rxf7 Rxe4 29. Rxc7 Re1+ 30. Kg2 Re2+ 31. Rf2 Rg8+ 32. Kf1 Rxf2+ 33. Kxf2 Rf8 34. Rc5 b6 35. Re5 Kg7 36. Ke3 Kf6 37. Kf4 Bg8 38. Re2 Rd8 39. Be4 Bf7 40. a4 Rd1 41. a5 b5 42. a6 Ra1 43. Rb2 Rxa6 44. Rxb5 Ra3 45. Rb7 Rxc3 46. Rxa7 Rh3 47. Ra6+ Ke7 48. f6+ Kd8 49. Ra8+ Kd7 50. Bf5+ Kc7 51. Bxh3 c3 52. Rc8+ 1-0